01770mam a22003614a 4500999001500000001000800015003000500023005001700028008004100045010001700086020003400103020003300137035002300170040002700193042000800220043001200228050002300240082002500263100002700288245012400315260005500439300003400494504006400528505043100592650007001023650004901093650005801142700003401200700002601234900000801260942001201268952012801280 c3834d38342384316Nust20170105101226.0990316s2000 coua b 001 0 eng  a 99025923  a155587858X (hc. : alk. paper) a1555878822z155878822 (pbk.) a(OCoLC)ocm41118797 aDLCcDLCdC#PdOrLoB-B apcc an-us---00aTD195.T7bM37 200000a363.739/256/09732211 aMarzotto, Toni,d1945-14aThe evolution of public policy :bcars and the environment /cToni Marzotto, Vicky Moshier Burnor, Gordon Scott Bonham. aBoulder, Colo. :bLynne Rienner Publishers,c2000. axiv, 231 p. :bill. ;c24 cm. aIncludes bibliographical references (p. 211-224) and index.00g1.tAnalyzing Public Policy: Policy Stages and Advocacy Coalitions --g2.tProblem Definition: The Demand for Action --g3.tAgenda Setting: Taking the Demand to Government --g4.tPolicy Formulation: From Idea to Law --g5.tPolicy Implementation: The Public Actors --g6.tPolicy Implementation: The Private Actors --g7.tPolicy Evaluation: Deliberate or Rushed Judgment --g8.tPolicy Reformulation: The Problem Revisited. 0aTransportation, AutomotivexEnvironmental aspectszUnited States. 0aCommutingxGovernment policyzUnited States. 0aEnvironmental policyzUnited StatesxDecision making.1 aBurnor, Vicky Moshier,d1955-1 aBonham, Gordon Scott. bTOC 2ddccBK 00102ddc40708NFICaCLbCLcGENd2016-12-08l2o363.739/256/0973 MARpS3H-N-1744r2025-12-31s2024-06-13w2016-12-08yBK